European country word puzzles #2 - Statistics

General Stats
  • This quiz has been taken 31 times
  • The average score is 13 of 29
Answer Stats
Hint Answer % Correct
monarch king
90%
thee you
86%
ground land
76%
dorsal fin
72%
Country Finland
72%
twilight night
69%
Country United Kingdom
69%
mute dumb
66%
wrath ire
66%
Country Ireland
66%
posterior rear
66%
grade land
62%
dish bowl
52%
equipment gear
41%
Country Bulgaria
38%
chew at gnaw
38%
fanaticism mania
34%
Country Norway
34%
counterbalance weigh
34%
Country Romania
31%
line row
28%
lapped licked
21%
small tine
21%
oneties tens
17%
emmets ants
14%
unconscious id
14%
Country Liechtenstein
14%
Country France
7%
coat fur
7%
No matching quizzes found
Score Distribution
Percent of People with Each Score
Percentile by Number Answered
Your Score History
You have not taken this quiz